000 00751nam a2200229Ii 4500
003 JO-AjNU
008 230605s9999||||xx |||||||||||||| ||und||
017 _a2008/7/2344
020 _a978-9957-09-346
040 _aJO-AjNU
_bara
_erda
_cJO-AjNU
041 _aara
050 1 4 _aPJ7866.D9.Z522 2008
100 3 _aأبو دلو،ساكب,
_eauthor
_924603
245 0 0 _aالتشكيل الدلالي والمعرفي في شعر أمينة العدوان
250 _aط1
264 3 1 _aعمان: أزمنة للنشر والتوزيع، 2008
300 _a299ص
336 _atext
_btxt
_2rdacontent
337 _aunmediated
_bn
_2rdamedia
338 _avolume
_bnc
_2rdacarrier
650 4 _aالشعر العربي - نقد وتحليل
_924604
999 _aA9085
_c12653
_d12653